A writer's guide to literature /

Bibliographic Details
Main Author: De Mordaunt, Walter J.
Format: Book
Language:English
Published: New York : McGraw-Hill, [1965]
Subjects:

MARC

Tag First Indicator Second Indicator Subfields
LEADER 00000cam a2200000 4500
001 in00000029457
005 20151007061524.0
008 720526s1965 nyua 00010 eng u
010 |a  64008273  
035 |a (OCoLC)00318503 
035 |9 AAD2330AM 
040 |c WSU  |d TXA  |d UtOrBLW 
049 |a TXAM  |c [410072] 
050 0 |a PE1408  |b .D455 
092 |a 808  |b D386w 
100 1 |a De Mordaunt, Walter J. 
245 1 2 |a A writer's guide to literature /  |c [by] Walter J. De Mordaunt. 
264 1 |a New York :  |b McGraw-Hill,  |c [1965] 
300 |a viii, 397 pages :  |b illustrations ;  |c 21 cm. 
336 |a text  |b txt  |2 rdacontent 
337 |a unmediated  |b n  |2 rdamedia 
338 |a volume  |b nc  |2 rdacarrier 
650 0 |a English language  |x Rhetoric. 
650 0 |a Essay. 
999 |a MARS 
999 f f |s 5a6bcd6e-78fe-371d-bfce-b41b2f42e3d5  |i 4c289ae1-05b8-34b9-85ff-c8c6d99b1546  |t 0 
952 f f |p ric  |a Texas A&M University  |b Rellis Campus  |c Joint Library Facility  |s JLF  |d Remote Storage  |t 0  |e PE1408 .D455  |h Library of Congress classification  |i unmediated -- volume  |m A14801193617 
998 f f |a PE1408 .D455  |t 0  |l Remote Storage